[Event "FIDE World Cup 2017"]
[Site "Tbilisi"]
[Date "2017.09.07"]
[Round "2.2"]
[White "Demchenko, Anton"]
[Black "Kramnik, Vladimir"]
[Result "1/2-1/2"]
[WhiteElo "2650"]
[BlackElo "2803"]
[Annotator "TA"]
[PlyCount "29"]
[EventDate "2017.??.??"]
[EventType "k.o."]
[EventCountry "GEO"]
[SourceTitle "playchess.com"]
[Source "ChessBase"]
[SourceQuality "1"]

{[%evp 9,19,11,14,13,20,8,30,26,20,8,38,30]} 1. e4 e5 2. Nf3 Nc6 3. Bc4 Bc5 4. d3 Nf6 5. c3 a6 6. a4 {C54: Giuoco Piano: 4 c3 Nf6, main lines with 5 d4 and 5 d3} d6 7. O-O Ba7 (7... O-O 8. Re1 Ba7 9. h3 b5 10. Bb3 h6 11. axb5 axb5 12. Be3 Bd7 13. Bxa7 Rxa7 14. Nbd2 Rxa1 15. Qxa1 Nh5 {½-½ (69) So,W (2810)-Nakamura,H (2792) Saint Louis 2017}) 8. Nbd2 O-O 9. h3 Be6 10. Bxe6 {Predecessor:} fxe6 $146 11. b4 b5 12. Re1 Qe8 13. Nf1 Nh5 14. Be3 Bxe3 15. Rxe3 {1-0 (43) Oparin,G (2605)-Esipenko,A (2523) Sochi 2017} 1/2-1/2

[Event "FIDE World Cup 2017"]
[Site "Tbilisi"]
[Date "2017.09.07"]
[Round "2.2"]
[White "Kovalyov, Anton"]
[Black "Anand, Viswanathan"]
[Result "1/2-1/2"]
[WhiteElo "2649"]
[BlackElo "2794"]
[Annotator "TA"]
[PlyCount "62"]
[EventDate "2017.??.??"]
[EventType "k.o."]
[EventCountry "GEO"]
[SourceTitle "playchess.com"]
[Source "ChessBase"]
[SourceQuality "1"]

{[%evp 13,62,29,36,27,43,0,0,0,0,14,7,0,3,-1,12,-18,0,0,0,0,0,0,0,0,7,0,49,0,0,0,67,78,93,98,102,97,94,73,93,0,0,0,0,0,0,0,0,0,83,76,96]} 1. c4 e5 2. g3 Bc5 3. Nc3 Nc6 4. Bg2 a6 5. e3 d6 6. Nge2 {A25: English Opening vs King's Indian with ...Nc6 but without early d3} h5 (6... Ba7 7. b3 Nge7 8. Bb2 h5 9. h4 Bg4 10. d3 Qd7 11. Qd2 Rb8 12. Rc1 O-O 13. Ne4 {1-0 (51) Topalov,V (2749)-Grischuk,A (2761) Paris 2017}) 7. d4 Ba7 {LiveBook: 17 Games} 8. dxe5 {White is slightly better.} dxe5 9. Bxc6+ (9. Qxd8+ {looks sharper.} Nxd8 10. h3 Bf5 11. b3 Nc6 12. Ba3) 9... bxc6 10. Qxd8+ Kxd8 11. h3 Nf6 $146 {[%cal Bg8f6,Bf6e4,Be4g5,Bg5f3][%mdl 32]} ({Find the theoretical novelty and annotate with similar games:} 11... Bc5 12. Na4 {½-½ (50) Adan Bermudez,S (2366)-Ochsner,B (2419) Fredericia 2015}) 12. b3 Be6 13. Ba3 Kc8 14. Na4 Ne4 15. Nec3 {[%cal Be2c3,Bc3e4,Be4c5][%mdl 32]} Ng5 16. h4 Nf3+ 17. Kf1 Kb7 18. Kg2 Bg4 19. Ne4 $36 {[%mdl 2048] White has some pressure.} Rhd8 (19... f5 $5 {[%cal Rf5e4]} 20. Nec5+ Kc8 $14) 20. Be7 Re8 21. Bb4 c5 (21... Rad8 $11) 22. Bc3 $14 f6 23. Naxc5+ Bxc5 24. Nxc5+ Ka7 25. b4 g5 26. hxg5 ({White should try} 26. a4 $16) 26... Nxg5 $11 27. f4 exf4 28. gxf4 Rxe3 29. Bd4 Re2+ 30. Kf1 $1 Nh7 (30... Nf7 $1 $11 {remains equal.}) 31. Re1 $16 Rxe1+ {Precision: White = 60%, Black = 64%.} 1/2-1/2

[Event "FIDE World Cup 2017"]
[Site "Tbilisi"]
[Date "2017.09.07"]
[Round "2.2"]
[White "Bluebaum, Matthias"]
[Black "So, Wesley"]
[Result "1/2-1/2"]
[WhiteElo "2633"]
[BlackElo "2792"]
[Annotator "TA"]
[PlyCount "32"]
[EventDate "2017.??.??"]
[EventType "k.o."]
[EventCountry "GEO"]
[SourceTitle "playchess.com"]
[Source "ChessBase"]
[SourceQuality "1"]

{[%evp 13,31,33,32,14,23,10,11,18,22,18,18,14,18,21,18,19,17,0,6,3]} 1. d4 Nf6 2. c4 e6 3. Nf3 d5 4. Nc3 c5 5. cxd5 cxd4 6. Qxd4 exd5 7. e4 Nc6 8. Bb5 {[%cal Re4d5] D41: Queen's Gambit Declined: Semi-Tarrasch with 5 cxd5} dxe4 9. Qxd8+ Kxd8 {The position is equal.} 10. Ng5 {[%cal Bf3g5,Bg5e4,Be4c5,Bc5e6][%mdl 32]} Be6 11. O-O Bb4 12. Ncxe4 Nxe4 13. Nxe4 Ke7 14. Be3 {Black should prevent a3.} Rhd8 15. Nc5 (15. Bxc6 bxc6 {½-½ (29) Wang,H (2698)-Wei,Y (2738) Danzhou 2017}) 15... Nd4 16. Nxe6 {[#]} {Predecessor:} Nxe6 $146 1/2-1/2

[Event "FIDE World Cup 2017"]
[Site "Tbilisi"]
[Date "2017.09.07"]
[Round "2.2"]
[White "Erdos, Viktor"]
[Black "Svidler, Peter"]
[Result "1/2-1/2"]
[WhiteElo "2619"]
[BlackElo "2756"]
[Annotator "TA"]
[PlyCount "40"]
[EventDate "2017.??.??"]
[EventType "k.o."]
[EventCountry "GEO"]
[SourceTitle "playchess.com"]
[Source "ChessBase"]
[SourceQuality "1"]

{[%evp 20,22,40,7,20]} 1. d4 Nf6 2. c4 g6 3. Nc3 d5 4. Nf3 Bg7 5. cxd5 Nxd5 6. e4 Nxc3 7. bxc3 c5 8. Rb1 O-O 9. Be2 cxd4 10. cxd4 Qa5+ 11. Qd2 (11. Bd2 $5 {[%cal Rd2a5]} Qxa2 12. O-O $14) 11... Qxd2+ {D85: Exchange Grünfeld: Unusual White 7th moves and lines with 7 Nf3} {Predecessor:} 12. Bxd2 $146 Rd8 13. d5 Na6 14. Rc1 f5 15. e5 h6 16. Bc4 Kh8 17. O-O g5 18. Rfd1 f4 19. Bxa6 bxa6 20. Ba5 Rg8 {½-½ (63) Radjabov,T (2784)-Caruana,F (2770) Moscow 2012} 1/2-1/2

[Event "FIDE World Cup 2017"]
[Site "Tbilisi"]
[Date "2017.09.07"]
[Round "2.2"]
[White "Sethuraman, S P"]
[Black "Harikrishna, P."]
[Result "1/2-1/2"]
[WhiteElo "2617"]
[BlackElo "2741"]
[Annotator "TA"]
[PlyCount "76"]
[EventDate "2017.??.??"]
[EventType "k.o."]
[EventCountry "GEO"]
[SourceTitle "playchess.com"]
[Source "ChessBase"]
[SourceQuality "1"]

{[%evp 19,76,18,10,-22,0,0,0,0,0,-6,1,-29,11,0,0,0,68,65,35,0,39,0,0,0,0,0,0,0,0,0,0,0,33,12,0,-164,-154,-162,-99,-133,-128,-111,-95,-88,-100,-110,-34,-24,10,-93,14,12,64,58,58,58,58,24,76]} 1. Nf3 d5 2. d4 Nf6 3. c4 e6 4. g3 dxc4 5. Bg2 c5 6. O-O Nc6 7. Qa4 Bd7 8. Qxc4 b5 9. Qc3 {E04: Open Catalan: 5 Nf3} b4 10. Qd3 Rc8 {LiveBook: 5 Games} 11. Bg5 {The position is equal.} (11. dxc5 Bxc5 12. Be3 Bxe3 13. Qxe3 O-O 14. Nbd2 Qe7 15. Nc4 Rfd8 16. Rac1 Ng4 {½-½ (72) Ding,L (2781)-Naiditsch,A (2712) Danzhou 2017}) 11... cxd4 12. Nxd4 Ne5 $146 ({Predecessor:} 12... Nxd4 13. Qxd4 Bc5 14. Qd3 Qb6 15. Bxf6 gxf6 16. Nd2 Qd6 17. Qxd6 Bxd6 {½-½ (25) Haba,P (2476)-Testor,S (2316) Germany 2017}) 13. Qa6 Bc5 14. Nb3 Bb6 15. Bf4 Nfg4 16. h3 g5 17. Bd2 Nh6 (17... h5 $11 18. hxg4 Nxg4) 18. Bxb4 $14 g4 19. Ba5 (19. Nc3 $5 {[%cal Rc3e4]} gxh3 20. Bxh3 $11) 19... gxh3 20. Bxh3 Rg8 $36 {[%mdl 2048] Black has some pressure.} 21. Bxb6 axb6 22. Bg2 {Strongly threatening Nc3.} Nf5 $1 {[%cal Rf5g3] Hoping for ...Nxg3!} 23. N1d2 Nxg3 24. fxg3 Rxg3 25. Rfc1 {And now Rxc8 would win.} Bc6 {[#]} (25... Rc6 $5 {[%cal Rd8g5]}) 26. Rxc6 $1 Rxc6 (26... Nxc6 $2 {loses.} 27. Ne4 $18) 27. Nf1 $2 (27. Ne4 $11 {and White is okay.} Re3 28. Nf2 (28. Qb5 Rxe4 29. Bxe4 Qg5+ 30. Kf1 Qf4+ 31. Bf3 Ke7 $11)) 27... Rg6 $1 $19 {[%mdl 1024] White must now prevent ...Qg5. Black has strong compensation.} 28. Ne3 Qg5 (28... Kf8 $1 $19 29. Qa4 Qg5) 29. Qa8+ $17 Ke7 {[%cal Be8e7,Be7f6,Bf6g7][%mdl 32]} 30. Qa3+ Kf6 31. Nd2 {[%cal Bb3d2,Bd2e4,Be4g3][%mdl 32] [#]} Kg7 $1 32. Rf1 Rc7 (32... h5 $17 33. Rd1 {[#]} Ng4 $1 {[%mdl 512]} 34. Nxg4 Qxg4) 33. Ne4 $15 Qd8 {White should prevent ...Qd4.} 34. Rd1 (34. Qd6 $11 Qxd6 35. Nxd6) 34... Rd7 (34... Qh4 $17 {aiming for ...Qxe4.} 35. Nd6 Kh8) 35. Rxd7 $11 Qxd7 ({Black should play} 35... Nxd7 $11 36. Qc3+ Kg8) 36. Qc3 $14 f6 37. Kf2 h5 38. Ng3 Rg5 {Precision: White = 54%, Black = 61%.} (38... Ng4+ $11 {remains equal.} 39. Nxg4 hxg4) 1/2-1/2

[Event "FIDE World Cup 2017"]
[Site "Tbilisi"]
[Date "2017.09.07"]
[Round "2.2"]
[White "Lenderman, Aleksandr"]
[Black "Tari, Aryan"]
[Result "1-0"]
[WhiteElo "2565"]
[BlackElo "2588"]
[Annotator "TA"]
[PlyCount "77"]
[EventDate "2017.??.??"]
[EventType "k.o."]
[EventCountry "GEO"]
[SourceTitle "playchess.com"]
[Source "ChessBase"]
[SourceQuality "1"]

{[%evp 14,77,25,26,35,28,33,22,27,28,25,26,28,26,35,25,48,19,16,20,36,34,46,38,85,85,86,86,86,85,85,29,83,84,82,80,102,97,110,103,110,110,110,112,176,179,233,226,229,227,214,160,159,165,291,295,299,287,450,442,434,420,516,512,515,506]} 1. Nf3 Nf6 2. c4 c5 3. Nc3 d5 4. cxd5 Nxd5 5. e3 Nxc3 6. dxc3 {A34: Symmetrical English: 2 Nc3, lines with ...d5} Qxd1+ 7. Kxd1 Nc6 8. e4 {LiveBook: 4 Games. White has an edge.} b6 9. Kc2 Bb7 10. Be3 $146 ({Predecessor:} 10. Bf4 f6 11. Rd1 e5 12. Bc1 Na5 13. Bb5+ {½-½ (37) Vidit,S (2669)-Nepomniachtchi,I (2740) Baku 2016}) 10... e6 11. Nd2 Bd6 12. a4 {[%cal Ba2a4,Ba4a5][%mdl 32]} Ke7 13. f3 Ne5 14. a5 h6 15. h4 Bc6 16. h5 Nd7 17. Nc4 {[%cal Bd2c4,Bc4a3,Ba3b5][%mdl 32]} Bc7 $1 18. Na3 bxa5 19. Bb5 Bxb5 20. Nxb5 Bb6 21. Bf4 {[%mdl 1024] White has strong compensation.} e5 22. Bd2 (22. Bh2 $16) 22... Nb8 (22... Rac8 $11 {keeps the balance.}) 23. Na3 $16 Nc6 24. Nc4 Ke6 25. Be3 Rac8 26. Kb3 Rhd8 27. Rhd1 Rb8 28. Ka4 a6 (28... f6 $16 {was necessary.}) 29. Rxd8 $18 Bxd8 (29... Nxd8 $142 30. Rd1 Bc7) 30. Bxc5 Bc7 {[#]} 31. Rd1 $1 g6 32. hxg6 fxg6 33. Rd2 {And now Bd6 would win.} Rb5 (33... Rd8 $142 34. Re2 h5) 34. Bd6 Bd8 35. Bf8 Be7 (35... Bc7 $142 36. Bxh6 Nb8) 36. Bxe7 Kxe7 37. Rd5 Na7 38. Rxe5+ Kf6 39. Rd5 {Precision: White = 82%, Black = 48%.} 1-0

[Event "FIDE World Cup 2017"]
[Site "Tbilisi"]
[Date "2017.09.08"]
[Round "2.3"]
[White "Aronian, Levon"]
[Black "Hou, Yifan"]
[Result "1/2-1/2"]
[WhiteElo "2802"]
[BlackElo "2670"]
[Annotator "TA"]
[PlyCount "74"]
[EventDate "2017.??.??"]
[EventType "k.o."]
[EventCountry "GEO"]
[SourceTitle "playchess.com"]
[Source "ChessBase"]
[SourceQuality "1"]

{[%evp 18,74,8,16,7,18,25,16,17,16,13,0,58,49,63,48,44,45,57,0,0,7,6,6,0,2,45,36,27,48,43,22,40,40,24,31,26,12,9,0,0,0,10,15,9,9,12,0,0,0,0,-5,-5,-6,-5,-8,-8,-39,-39]} 1. d4 Nf6 2. c4 e6 3. Nf3 d5 4. g3 Be7 5. Bg2 O-O 6. O-O dxc4 7. Qc2 b6 {E05: Open Catalan: 5 Nf3 Be7} (7... a6 8. a4 Bd7 9. Qxc4 Bc6 10. Bf4 Nbd7 11. Nc3 Bd6 12. a5 Bxf4 13. gxf4 Nd5 14. e3 Nxc3 15. Qxc3 Bxf3 16. Bxf3 c6 17. Kh1 Qe7 18. Rg1 g6 19. Rg5 {½-½ (80) Aronian,L (2793)-Kramnik,V (2808) Leuven 2017}) 8. Ne5 Qxd4 9. Bxa8 Qxe5 10. Bf3 {LiveBook: 3 Games} Nd5 11. Qxc4 Ba6 12. Qa4 c5 13. Re1 $146 ({Find the theoretical novelty and annotate with similar games:} 13. Nd2 Rc8 14. Rd1 c4 15. Nf1 {½-½ (65) Nyback,T (2608)-Pihlajasalo,A (2442) Finland 2015}) 13... b5 14. Qe4 Nc6 (14... Qxe4 $11 15. Bxe4 f5) 15. Nc3 $14 Rd8 16. Rd1 {[%cal Rc3d5]} Qxe4 17. Bxe4 {[%cal Rc3d5]} Nd4 {[#] Threatens to win with ...Nxc3.} 18. Bxd5 {Black must now prevent Bb3.} b4 $1 {[%cal Rb4c3]} 19. Bb3 $1 bxc3 20. bxc3 Nxe2+ 21. Kg2 {aiming for Rxd8+.} Bb7+ 22. f3 Rxd1 23. Bxd1 Nxc3 24. Bd2 Nxd1 25. Rxd1 $11 {[%mdl 4096] [#] Endgame Hoping for Rb1. KRB-KB} Bd5 26. Rb1 g5 27. Kf2 Bxa2 28. Ra1 Bd5 29. Bc3 f6 30. Rxa7 Kf7 31. Ke3 e5 32. h4 gxh4 33. gxh4 h5 34. f4 exf4+ 35. Kxf4 Ke6 36. Ra6+ Bd6+ 37. Rxd6+ Kxd6 {Precision: White = 60%, Black = 85%.} 1/2-1/2

[Event "FIDE World Cup 2017"]
[Site "Tbilisi"]
[Date "2017.09.08"]
[Round "2.3"]
[White "Mamedyarov, Shakhriyar"]
[Black "Kuzubov, Yuriy"]
[Result "0-1"]
[WhiteElo "2797"]
[BlackElo "2688"]
[Annotator "TA"]
[PlyCount "110"]
[EventDate "2017.??.??"]
[EventType "k.o."]
[EventCountry "GEO"]
[SourceTitle "playchess.com"]
[Source "ChessBase"]
[SourceQuality "1"]

{[%evp 18,110,35,32,32,27,24,29,30,30,30,29,43,44,28,44,39,35,57,57,57,57,58,58,67,68,72,50,62,12,56,8,13,36,37,0,18,16,17,9,14,0,51,58,69,10,28,18,14,15,36,30,47,0,11,0,0,0,52,27,402,0,0,0,0,0,2,2,2,-38,-38,-38,-38,-38,-38,-38,-38,-38,-8,-58,-67,-63,-43,-104,-106,-251,-253,-252,-252,-240,-209,-712,-712,-1371,-1323]} 1. d4 Nf6 2. c4 e6 3. Nf3 d5 4. Nc3 Nbd7 5. Bf4 dxc4 6. e3 {D37: Queen's Gambit Declined: 5 Bf4} b5 7. Nxb5 Bb4+ 8. Nc3 Nd5 9. a3 Nxc3 10. Qd2 {LiveBook: 10 Games} Nd5 (10... Bxa3 11. Qxc3 Bd6 12. Bxd6 cxd6 13. Bxc4 O-O {½-½ (30) So,W (2794)-Anand,V (2779) London 2016}) 11. axb4 Nxf4 12. exf4 Bb7 13. Be2 Nb6 {[#]} 14. O-O $146 Qd6 15. Ra5 O-O 16. Rc5 Rfd8 17. Rd1 Na4 18. Ra5 $1 {[%cal Ra5a4]} Nb6 19. Ne5 Bd5 20. Rc5 Rab8 21. Ra1 Rb7 22. h4 h6 23. Ra6 Qe7 24. h5 Nd7 25. Nxd7 Rxd7 26. Ra3 Rd6 27. Bxc4 Bxc4 28. Rxc4 Rdb6 29. Ra4 Qd7 (29... Rb5 $11) 30. Ra5 $14 Rb5 31. Qc3 (31. Qc2 $14) 31... Qd6 $1 $11 {[%cal Rb5b4]} 32. Rxb5 Rxb5 33. Rxc7 Qxf4 {[%mdl 4096] Endgame KQR-KQR} 34. Rc5 Rb8 35. b5 Qe4 36. Re5 (36. Qe3 $5 {[%cal Re3e4]} Qb1+ 37. Kh2 $11) 36... Qb1+ 37. Kh2 Qf1 (37... Qd1 $11) 38. Qc2 $14 Rxb5 $2 {[%mdl 8192] [#]} (38... Rd8 $11) 39. Rc5 $2 (39. Qc8+ $18 Kh7 40. Qa6 Qxf2 41. Qxb5 Qh4+ 42. Kg1 Qxd4+ 43. Kf1) 39... Rb8 $11 40. d5 exd5 41. Rxd5 Re8 42. Qf5 Qe2 43. g3 Qxb2 44. Rd7 Qa2 45. Kg2 a6 {[%cal Ba7a6,Ba6a5,Ba5a4][%mdl 32]} 46. Rd6 Qc4 47. Kh2 Qb5 48. Qf3 a5 49. Rd5 Qc6 50. Qd3 (50. Qf5 $1 $15) 50... a4 $17 51. Rd6 (51. Rd4 $17) 51... Qc5 $19 52. Kg2 Qxh5 53. Ra6 Qg4 54. Qb5 $2 {[#]} (54. Ra7) 54... Qe4+ 55. Kg1 Ra8 {Precision: White = 49%, Black = 63%.} 0-1

[Event "FIDE World Cup 2017"]
[Site "Tbilisi"]
[Date "2017.09.08"]
[Round "2.3"]
[White "So, Wesley"]
[Black "Bluebaum, Matthias"]
[Result "1/2-1/2"]
[WhiteElo "2792"]
[BlackElo "2633"]
[Annotator "TA"]
[PlyCount "50"]
[EventDate "2017.??.??"]
[EventType "k.o."]
[EventCountry "GEO"]
[SourceTitle "playchess.com"]
[Source "ChessBase"]
[SourceQuality "1"]

{[%evp 16,50,26,27,29,33,26,29,22,29,25,9,8,9,8,6,5,4,14,0,0,0,0,-7,0,-3,0,0,0,-5,0,0,0,0,0,0,0]} 1. Nf3 d5 2. g3 g6 3. Bg2 Bg7 4. d4 Nf6 5. O-O O-O 6. c4 dxc4 7. Na3 c5 8. dxc5 c3 {D77: Fianchetto Grünfeld: 6 0-0: Replies other than 6...c6} 9. Nb5 {LiveBook: 3 Games} Na6 {[%cal Bb8a6,Ba6c5,Bc5e4][%mdl 32]} 10. Nxc3 Nxc5 {White is slightly better.} 11. Be3 {[#] Hoping for Qxd8.} Nfe4 12. Nxe4 Nxe4 13. Qa4 (13. Bd4 Bxd4 14. Qxd4 Qxd4 15. Nxd4 Nd6 16. Rfc1 {½-½ (67) Giri,A (2771)-Grandelius,N (2641) Reykjavik 2017}) 13... Nd6 {The position is equal.} 14. Bd4 $146 ({Predecessor:} 14. Rad1 Bd7 15. Qb4 a5 16. Qf4 {½-½ (26) Pirc,V-Pilnik,H Mar del Plata 1950}) 14... Bd7 15. Qb4 Bc6 16. Bxg7 Kxg7 17. Ne5 Bxg2 18. Kxg2 Qc8 19. Qd4 {[#] Black must now prevent Nd7+.} f6 20. Nf3 (20. Rfc1 {is interesting.} Qe6 21. Nd3 Rfc8 22. Nf4 Qe4+ 23. Qxe4 Nxe4 24. f3) 20... Qc4 21. Rfc1 Qxd4 22. Nxd4 {And now Ne6+ would win.} Kf7 23. Rc7 Rac8 24. Rac1 Rxc7 25. Rxc7 Rc8 {Precision: White = 71%, Black = 90%.} 1/2-1/2

[Event "FIDE World Cup 2017"]
[Site "Tbilisi"]
[Date "2017.09.08"]
[Round "2.3"]
[White "Nakamura, Hikaru"]
[Black "Bruzon Batista, Lazaro"]
[Result "1-0"]
[WhiteElo "2781"]
[BlackElo "2651"]
[Annotator "TA"]
[PlyCount "99"]
[EventDate "2017.??.??"]
[EventType "k.o."]
[EventCountry "GEO"]
[SourceTitle "playchess.com"]
[Source "ChessBase"]
[SourceQuality "1"]

{[%evp 14,99,25,12,39,35,40,36,62,59,77,77,75,70,93,62,110,106,115,82,82,78,74,58,102,48,61,41,222,102,116,104,117,123,138,110,125,123,156,160,151,142,195,181,184,183,230,220,205,212,231,194,286,268,274,285,277,265,270,229,334,331,396,397,580,569,564,545,570,513,529,506,813,813,787,787,783,768,790,766,1144,1123,963,941,1114,1008,991,975]} 1. Nf3 Nf6 2. g3 b6 3. Bg2 Bb7 4. c4 e6 5. O-O Be7 6. d4 O-O 7. Re1 Na6 8. a3 {LiveBook: 14 Games. E17: Queen's Indian: 4 g3 Bb7 5 Bg2 Be7} c6 $146 ({Predecessor:} 8... d5 9. cxd5 exd5 10. b4 c6 11. Nc3 Nc7 12. Qb3 Ne6 13. a4 Rb8 14. Ba3 c5 15. Rad1 c4 {1-0 (31) Giri,A (2785)-Romanov,E (2636) Sochi 2017}) 9. e4 {[%cal Be2e4,Be4e5][%mdl 32]} d5 10. e5 {White is slightly better.} Nd7 11. cxd5 cxd5 12. Nc3 Nc7 13. h4 {[%cal Bh2h4,Bh4h5][%mdl 32]} Rc8 14. Ng5 Qe8 15. Qd3 {[%csl Gg5][%cal Rd3h7] [#]} Bxg5 16. Bxg5 Nb8 17. h5 h6 18. Bf4 Nc6 19. g4 ({White should try} 19. b4 $16) 19... Ba6 20. Qe3 Ne7 $2 {[#]} ({Better is} 20... Qd8 $14) 21. Kh2 (21. Bxh6 $1 $18 {and the rest is easy.} gxh6 22. Qxh6) 21... Kh7 22. Bh3 Rh8 23. Rg1 Kg8 24. a4 Qd7 25. b3 Rh7 26. Rac1 Nc6 27. Na2 Ne7 (27... Bb7 $16 {keeps fighting.} 28. Nc3 Ba6) 28. Nb4 $18 Bb7 29. Bf1 Kf8 30. Bd3 Rh8 31. Bg3 a5 32. Na2 Ra8 (32... Nc6 $142 33. Rc2 Ne7) 33. Bh4 Ba6 34. Bb1 Ne8 35. Nc3 Rc8 36. Ne2 Rxc1 (36... b5 {is a better defense.} 37. Bd3 Rb8) 37. Rxc1 Nc6 38. f4 {[%cal Bf2f4,Bf4f5][%mdl 32]} Nc7 (38... Ne7 $142 39. Ng3 Bc8) 39. Qc3 {White is clearly winning.} Bb7 40. Bd3 Qe8 41. Ng3 Kg8 42. f5 Nb4 (42... Qb8 $142 43. f6 Ne8) 43. Qxc7 Nxd3 44. Rc3 Ba6 45. Qxb6 Nb4 46. Qxa5 Qb8 47. Be7 Na2 48. Rf3 {Black must now prevent fxe6.} Qb7 49. f6 Kh7 50. Qd2 {Precision: White = 71%, Black = 19%.} 1-0

[Event "FIDE World Cup 2017"]
[Site "Tbilisi"]
[Date "2017.09.08"]
[Round "2.3"]
[White "Svidler, Peter"]
[Black "Erdos, Viktor"]
[Result "1-0"]
[WhiteElo "2756"]
[BlackElo "2619"]
[Annotator "TA"]
[PlyCount "81"]
[EventDate "2017.??.??"]
[EventType "k.o."]
[EventCountry "GEO"]
[SourceTitle "playchess.com"]
[Source "ChessBase"]
[SourceQuality "1"]

{[%evp 11,81,0,10,-9,-8,-10,0,-2,4,9,12,4,12,2,25,26,26,28,25,31,34,0,36,29,37,18,6,13,14,2,10,19,52,22,23,23,83,74,65,59,76,68,98,11,47,11,32,8,13,25,55,0,161,120,271,194,808,0,746,732,29986,800,775,750,12842,12835,29977,29978,29974,29976,5502,709]} 1. c4 e5 2. g3 Nf6 3. Bg2 h6 4. Nc3 Bb4 5. e4 (5. Qb3 a5 6. a3 Bxc3 7. Qxc3 Qe7 8. Nf3 d6 9. b3 O-O 10. Bb2 c5 11. d3 Nc6 12. e3 {½-½ (68) Hou,Y (2658)-Inarkiev,E (2732) Petropavlovsk Kamchatsky 2016}) 5... d6 6. Nge2 {A20: English Opening: 1...e5} Nc6 {LiveBook: 3 Games} 7. h3 (7. a3 $5 {[%cal Ra3b4]} Bxc3 8. bxc3 $11) 7... Bc5 8. a3 $146 {The position is equal.} ({Find the theoretical novelty and annotate with similar games:} 8. d3 O-O 9. Na4 Nd4 10. Nxc5 dxc5 11. O-O Qd6 12. Nxd4 cxd4 {1-0 (31) Karlsson,L (2408)-Krantz,C (2226) Norrkoeping 2014}) 8... a6 9. d3 (9. b4 $5 {[%cal Rb4c5]} Ba7 10. Bb2 $11) 9... Nd4 10. b4 Ba7 11. Be3 O-O 12. O-O c6 (12... Bd7 {looks sharper.} 13. a4 a5 14. b5 c6 15. Nb1 Ne6) 13. Bxd4 exd4 14. Nb1 b5 15. Nd2 Be6 16. Rc1 {[%cal Ba1c1,Bc1c4,Bc4a4][%mdl 32]} Rc8 17. Nf4 Bd7 18. Nb3 c5 19. bxc5 bxc4 20. Rxc4 dxc5 (20... Bxc5 $5 21. Nxc5 (21. Nxd4 Bxa3 22. Rxc8 Qxc8 $11) 21... dxc5 $11) 21. e5 Nh7 22. Qc2 {[%cal Rb3c5]} g5 23. Nh5 {[%cal Rb3c5]} Be6 (23... Bb5 $11) 24. Nd2 f5 25. Ra4 a5 26. Nc4 $36 {[%mdl 2048] White has the initiative.} Bb6 $1 27. Rb1 (27. Nd6 $16) 27... Bc7 $1 $11 28. Rb7 f4 29. Qe2 {Black must now prevent Be4.} Bd5 $1 30. Bxd5+ Qxd5 31. Ra7 (31. Qe4 $1 $14 Qxe4 32. dxe4) 31... f3 $2 (31... Rb8 $1 $11 {and Black stays safe.} 32. Qe1 Rb7 33. Rxb7 Qxb7) 32. Qe1 $18 Qd7 $2 (32... Qe6 $16 33. Qe4 Rf7) 33. e6 $1 {[%cal Re6d7]} ({Weaker is} 33. Qe4 Kh8 $11) 33... Qxa4 $2 {[#]} (33... Rce8) 34. e7 $2 (34. Nd6 $1 $18 {[%mdl 512]} Bxd6 35. Qe4 Qd1+ 36. Kh2 Bxg3+ 37. Nxg3 Qxd3 38. Qxd3 Rc7 39. Rxc7 Rf5 40. Qxf5 Nf8 41. Qf7+ Kh8 42. Qxf8#) 34... Qd7 $2 {[%mdl 8192]} (34... Rfe8 35. Qe6+ Kh8 36. Ne5 Qd1+ 37. Kh2 Qh1+ 38. Kxh1 Bxe5 39. Qxe5+ Nf6 40. Qxf6+ Kh7 41. Qg7#) (34... Qc6 $11 35. exf8=B (35. exf8=N Re8 $14) (35. exf8=Q+ Kxf8 36. Qd1 Kg8 $14) 35... Kxf8) 35. Qe4 {Qg6+ would kill now.} Kh8 36. exf8=Q+ (36. Ne5 $142 Qd6 37. exf8=N Rxf8 38. Ng6+ Kg8 39. Ne7+ Kh8 40. Ng6+ Kg8 41. Nxf8 Nxf8 42. Qxf3) 36... Nxf8 37. Qxf3 Qe6 {[#]} 38. Rxc7 $1 {[%mdl 512]} Rxc7 39. Qxf8+ Kh7 40. Nf6+ Kg6 41. Ne4 {Precision: White = 49%, Black = 31%.} (41. Ng4 $142 Rc6 42. Nce5+ Kh7 43. Nxc6 Qxc6 44. Qf7+ Kh8 45. Ne5 Qd6 46. Ng6+ Qxg6 47. Qxg6) 1-0